Normal view
MARC view
Entry Personal Name
001 - CONTROL NUMBER
- control field: 160079
003 - CONTROL NUMBER IDENTIFIER
- control field: OSt
005 - DATE AND TIME OF LATEST TRANSACTION
- control field: 20220923211246.0
008 - FIXED-LENGTH DATA ELEMENTS
- fixed length control field: 220923|| aca||aabn | a|a d
040 ## - CATALOGING SOURCE
- Original cataloging agency: OSt
- Transcribing agency: OSt
100 ## - HEADING--PERSONAL NAME
- Personal name: ऋतुबाला; शास्त्री, सत्यव्रत
670 ## - SOURCE DATA FOUND
- Source citation: Work cat.: (OSt)297820: ऋतुबाला; शास्त्री, सत्यव्रत, श्रीबोध्सित्त्वचरितम् महाकाव्य, 2014
